Teoría de la representación para las álgebras de Hilbert y para las álgebras de Hilbert con operadores modales /
Guardado en:
| Otros Autores: | , |
|---|---|
| Formato: | Manuscrito |
| Idioma: | Spanish |
| Publicado: |
2015.
|
| Materias: | |
| Acceso en línea: | Texto completo |
| Etiquetas: |
Agregar Etiqueta
Sin Etiquetas, Sea el primero en etiquetar este registro!
|
| LEADER | 01276ntm a22003015a 4500 | ||
|---|---|---|---|
| 001 | MAT.inmabb007057 | ||
| 008 | 151211s2015####ag#######bm###000#0#spa#d | ||
| 005 | 20160309103834.0 | ||
| 245 | 1 | 0 | |a Teoría de la representación para las álgebras de Hilbert y para las álgebras de Hilbert con operadores modales / |c Lidia Daniela Montangie. |
| 260 | |c 2015. | ||
| 300 | |a xvi, 145 h. ; |c 30 cm. | ||
| 500 | |a "Tesis de Doctora en Matemática". | ||
| 502 | |a Tesis (doctoral)--Universidad Nacional del Sur. Departamento de Matemática, 2015. | ||
| 500 | |a Director de tesis: Sergio Celani. | ||
| 530 | |a Disponible también en formato digital. | ||
| 504 | |a Incluye referencias bibliográficas. | ||
| 100 | 1 | |a Montangie, Lidia Daniela. |4 dis | |
| 700 | 1 | |a Celani, Sergio. |4 ths | |
| 710 | 2 | |a Universidad Nacional del Sur. |b Departamento de Matemática |4 dgg. | |
| 082 | 0 | 4 | |a 040 |2 15 |
| 082 | 0 | 4 | |a 515.733 |2 21 |
| 650 | 7 | |a Matemáticas. |2 unbist | |
| 650 | 7 | |a Álgebra. |2 unbist | |
| 650 | 7 | |a Hilbert, Espacio de. |2 abne | |
| 653 | |a Operadores modales | ||
| 856 | 4 | 1 | |3 Texto completo |u http://repositoriodigital.uns.edu.ar/handle/123456789/2507 |
| 859 | |a AR-BaUNS |b BIB. MATEMATICA |h 040 |i B148 2015-1403 |k R |p 125327/015 | ||
| 859 | |a AR-BaUNS |b BIB. MATEMATICA |h 040 |i B148 2015-1403 |p 125328/015 | ||
